Logos des équipes nationales de football de l'AFC - Statistiques

Statistiques générales
  • Ce quiz a été pris 263 fois
  • Le résultat moyen est 22 sur 46
Statistiques - réponses
Par images Réponse % Correct
Corée du Nord
93%
Iran
93%
Qatar
93%
Australie
92%
Liban
91%
Irak
88%
Japon
87%
Thaïlande
87%
Inde
82%
Népal
80%
Chine
79%
Arabie Saoudite
78%
Laos
77%
Brunei
76%
Syrie
75%
Corée du Sud
71%
Timor Oriental
70%
Vietnam
70%
Oman
67%
Cambodge
66%
Jordanie
61%
Koweït
61%
Sri Lanka
60%
Yémen
53%
Tadjikistan
49%
Émirats arabes unis
38%
Bahreïn
35%
Palestine
32%
Bhoutan
27%
Malaisie
17%
Macao
16%
Kirghizistan
15%
Ouzbékistan
15%
Philippines
15%
Afghanistan
14%
Birmanie
13%
Indonésie
13%
Pakistan
10%
Turkménistan
10%
Singapour
8%
Guam
7%
Hong Kong
6%
Bangladesh
4%
Maldives
4%
Taïpei
4%
Iles Mariannes du Nord
2%
Aucun quiz correspondant
Distribution des résultats
% des personnes avec chaque résultat
Percentile par nombre de réponses
Votre historique - résultats
Vous n’avez pas pris ce quiz